000 00255nam a2200109Ia 4500
008 220204s9999 xx 000 0 und d
082 _a82-3
_bBAT
100 _aH E
245 2 _aA Little of what you fancy
260 _aEngland
_bPenguin
_c1978
942 _cBK
999 _c32972
_d32972